Fundamentos de derecho mercantil. (Registro nro. 159160)
[ vista simple ]
| 000 -LEADER | |
|---|---|
| fixed length control field | 01458ny a22003373n 4500 |
| 008 - FIXED-LENGTH DATA ELEMENTS--GENERAL INFORMATION | |
| fixed length control field | 030129s2001 sp s 000 0 spa c |
| 017 ## - | |
| -- | D.L.M.39170-2001 |
| 020 ## - INTERNATIONAL STANDARD BOOK NUMBER | |
| International Standard Book Number | 9788471309488 |
| 020 ## - INTERNATIONAL STANDARD BOOK NUMBER | |
| International Standard Book Number | 842341647X |
| 035 ## - | |
| -- | 546 |
| 040 ## - CATALOGING SOURCE | |
| Original cataloging agency | UMA.DER |
| Modifying agency | vLex |
| 040 ## - CATALOGING SOURCE | |
| Original cataloging agency | UMA.RE |
| Modifying agency | vlex |
| 080 ## - | |
| -- | 347.7 |
| 090 ## - | |
| -- | 639 |
| -- | 639 |
| 100 1# - MAIN ENTRY--PERSONAL NAME | |
| Personal name | Fernández Ruiz, José Luis |
| 245 10 - TITLE STATEMENT | |
| Title | Fundamentos de derecho mercantil. |
| Number of part/section of a work | Tomo II, |
| Name of part/section of a work | Títulos valores, contratos mercantiles, la insolvencia del empresario y derecho de la navegación marítima y aérea |
| Medium | [Recurso electrónico] |
| Statement of responsibility, etc | José Luis Fern{acu |
| 250 ## - | |
| -- | 3ª ed. rev. y act |
| 256 ## - | |
| -- | Servicio en línea |
| 260 ## - PUBLICATION, DISTRIBUTION, ETC. (IMPRINT) | |
| Place of publication, distribution, etc | [Madrid] : |
| Name of publisher, distributor, etc | Edersa, |
| Date of publication, distribution, etc | D.L. 2001 |
| 300 ## - PHYSICAL DESCRIPTION | |
| Extent | 546 p. : |
| Dimensions | 22 cm |
| 506 1# - RESTRICTIONS ON ACCESS NOTE | |
| Terms governing access | Contenido solo disponible en los productos indicados |
| Authorized users | vLex Global |
| -- | vLex Global (Academic Edition, excluding Law Schools) |
| -- | vLex Global (U.S. Academic Edition, Law Schools) |
| -- | vLex Global (U.S. Academic Edition, excluding Law Schools) |
| -- | vLex Global (Academic Edition, Law Schools) |
| 650 07 - SUBJECT ADDED ENTRY--TOPICAL TERM | |
| Topical term or geographic name as entry element | Mercantil |
| Source of heading or term | Tesauro vLex |
| 650 07 - SUBJECT ADDED ENTRY--TOPICAL TERM | |
| Source of heading or term | Tesauro vLex |
| Topical term or geographic name as entry element | Títulos de valores |
| 650 07 - SUBJECT ADDED ENTRY--TOPICAL TERM | |
| Source of heading or term | Tesauro vLex |
| Topical term or geographic name as entry element | Contratos mercantiles |
| 650 07 - SUBJECT ADDED ENTRY--TOPICAL TERM | |
| Source of heading or term | Tesauro vLex |
| Topical term or geographic name as entry element | Insolvencia |
| 700 1# - ADDED ENTRY--PERSONAL NAME | |
| Personal name | Martín Reyes, Mª de los aÌAngeles |
| 740 0# - | |
| -- | vLex Libros (Servicios en línea) |
| 856 40 - LOCALIZACIÓN Y ACCESO ELECTRÓNICO | |
| Identificador Uniforme del Recurso (URI/URL) | https://app.vlex.com/#/sources/derecho-mercantil-titulos-valores-546 |
| 942 ## - | |
| -- | RAA |
| 999 ## - | |
| -- | 159160 |
| -- | 159160 |
No hay ítems disponibles.